• 首页
  • 本馆介绍
  • 公告通知
  • 最新文献
  • 馆藏检索
  • 电子资源
  • 读者导购
  • 参考咨询
  • 我的图书馆
  • 登录
  • 详细信息显示
  • 放入我的书架
  • 预约/预借图书
  • 作者相关作品
  • 分类相关作品
  • 丛书相关作品
  • 出版社相关作品

书目信息

  • 表格格式
  • 工作单格式
  • 卡片格式
题名:
周口幼儿师范学校思想道德教育资料汇编
    
 
作者: 刘守昌 主编
分册:  
出版信息: 郑州   郑州大学出版社  2013
页数: 251页
开本: 26cm
丛书名:
单 册:
中图分类: G651
科图分类:
主题词: 幼儿师范学校--思想政治教育--资料汇编--周口--汇编 , 幼儿师范学校 , 思想政治教育
电子资源:
ISBN: 978-7-5645-1170-8
000 01012nam0 2200253 450
001 012001003970
005 20130127150152.0
010    @a978-7-5645-1170-8@dCNY27.00
100    @a20130713d2013 em y0chiy50 ea
101 0  @achi
102    @aCN@b410000
105    @ay z 000yy
106    @ar
200 1  @a周口幼儿师范学校思想道德教育资料汇编@9zhou kou you er shi fan xue xiao si xiang dao de jiao yu zi liao hui bian@f刘守昌主编
210    @a郑州@c郑州大学出版社@d2013
215    @a251页@d26cm
330    @a本汇编内容分为三个部分:第一编政策法规篇,包括幼师生必读的教师法,教育法和未成年人思想道德教育纲要等国家政策法规;第二编规章制度篇,包括周口幼儿师范学校各项德育工作规章制度;第三编论文篇,包括部分参研人员德育教育科研论文若干篇。
606 0  @a幼儿师范学校@x思想政治教育@x资料汇编@y周口@j汇编
606 0  @a幼儿师范学校
606 0  @a思想政治教育
690    @aG651@v5
701  0 @a刘守昌@9liu shou chang@c(学前教育)@4主编
801  0 @aCN@b江苏凤凰@c20191020
905    @b1219118-21@dG651@e119@f4
    
    周口幼儿师范学校思想道德教育资料汇编/刘守昌主编.-郑州:郑州大学出版社,2013
    251页;26cm
    
    
    ISBN 978-7-5645-1170-8:CNY27.00
    本汇编内容分为三个部分:第一编政策法规篇,包括幼师生必读的教师法,教育法和未成年人思想道德教育纲要等国家政策法规;第二编规章制度篇,包括周口幼儿师范学校各项德育工作规章制度;第三编论文篇,包括部分参研人员德育教育科研论文若干篇。
●
相关链接 在E读中查询图书 在五车中查询图书 在当当中查询图书 在豆瓣中查询图书


正题名:周口幼儿师范学校思想道德教育资料汇编     索取号:G651/119         预约/预借

序号 登录号 条形码 馆藏地/架位号 状态 备注
1 1219118   212191180   第一样本阅览室/ [索取号:G651/119] 在馆    
2 1219119   212191199   教育系资料室/ [索取号:G651/119] 在馆    
3 1219120   212191206   教育系资料室/ [索取号:G651/119] 在馆    
4 1219121   212191215   第四借阅区/ [索取号:G651/119] 在馆    
唐山师范学院图书馆 欢迎您!
大连网信软件有限公司© 版权所有